Gold, silver or bronze? (Record no. 105844)

MARC details
000 -LEADER
fixed length control field 01302cam a2200265 4500
001 - CONTROL NUMBER
control field ##L134917
008 - FIXED-LENGTH DATA ELEMENTS--GENERAL INFORMATION
fixed length control field 060911n2006 000 0 eng u
035 ## - SYSTEM CONTROL NUMBER
System control number (Sirsi) u134917
041 0# - LANGUAGE CODE
Language code of text/sound track or separate title eng
050 04 - LIBRARY OF CONGRESS CALL NUMBER
Classification number 333.33 $2 18
110 2# - MAIN ENTRY--CORPORATE NAME
Corporate name or jurisdiction name as entry element GVA Grimley
9 (RLIN) 3646
245 00 - TITLE STATEMENT
Title Gold, silver or bronze?
Remainder of title Development prospects in East London
260 ## - PUBLICATION, DISTRIBUTION, ETC.
Place of publication, distribution, etc. London
Name of publisher, distributor, etc. GVA Grimley
Date of publication, distribution, etc. 2006
490 #0 - SERIES STATEMENT
Series statement RICS Research Report
Volume/sequential designation August 2006
520 ## - SUMMARY, ETC.
Summary, etc. In light of London hosting the 2012 Olympic Games, this report reveals how Stratford and East London will look in 2020 as a result of commercial development and regeneration. It highlights all the residential, retail and leisure, office and industrial developments which are in the pipeline for delivery by 2012, and post Olympics in 2020. It also briefly covers the planning policy context and transport infrastructure. Tables and maps.
590 ## - LOCAL NOTE (RLIN)
Local note IKA190906
650 24 - SUBJECT ADDED ENTRY--TOPICAL TERM
Topical term or geographic name entry element OLYMPIC GAMES 2012
651 #4 - SUBJECT ADDED ENTRY--GEOGRAPHIC NAME
Geographic name STRATFORD
651 #4 - SUBJECT ADDED ENTRY--GEOGRAPHIC NAME
Geographic name EAST LONDON
651 #4 - SUBJECT ADDED ENTRY--GEOGRAPHIC NAME
Geographic name THAMES GATEWAY
690 ## - LOCAL SUBJECT ADDED ENTRY--TOPICAL TERM (OCLC, RLIN)
Topical term or geographic name as entry element PROPERTY-PROPERTY DEVELOPMENT
710 1# - ADDED ENTRY--CORPORATE NAME
Corporate name or jurisdiction name as entry element Royal Institution of Chartered Surveyors
Subordinate unit World Games Commission
9 (RLIN) 5037
856 40 - ELECTRONIC LOCATION AND ACCESS
Uniform Resource Identifier <a href="https://www.rics.org/RICSWEB/getpage.aspx?p=CfRyDQ_iAEiaZMkI8JKz6g">https://www.rics.org/RICSWEB/getpage.aspx?p=CfRyDQ_iAEiaZMkI8JKz6g</a>
Public note View the report free of charge at www.rics.org...
942 ## - ADDED ENTRY ELEMENTS (KOHA)
Suppress in OPAC 0
Holdings
Withdrawn status Lost status Source of classification or shelving scheme Damaged status Not for loan Home library Current library Shelving location Date acquired Total Checkouts Full call number Barcode Date last seen Copy number Price effective from Koha item type
    Dewey Decimal Classification     Virtual Virtual Online 11/09/2006   ONLINE PUBLICATION 134917-2001 06/08/2019 1 06/08/2019 Book